Engineering mathematics a modern foundation for electronic electrical and systems engineers (Record no. 581056)

000 -LEADER
fixed length control field 00573nam a22001937a 4500
003 - CONTROL NUMBER IDENTIFIER
control field CEME
005 - DATE AND TIME OF LATEST TRANSACTION
control field 20210628205447.0
008 - FIXED-LENGTH DATA ELEMENTS--GENERAL INFORMATION
fixed length control field 210316b xxu||||| |||| 00| 0 eng d
020 ## - INTERNATIONAL STANDARD BOOK NUMBER
International Standard Book Number 0-201-87744-9
040 ## - CATALOGING SOURCE
Transcribing agency .
082 ## - DEWEY DECIMAL CLASSIFICATION NUMBER
Classification number 510.2462 CRO'E
100 ## - MAIN ENTRY--PERSONAL NAME
Personal name Hargreaves, Martin Croft, Anthonydavison, Robert
9 (RLIN) 75663
245 ## - TITLE STATEMENT
Title Engineering mathematics a modern foundation for electronic electrical and systems engineers
250 ## - EDITION STATEMENT
Edition statement 2ND
260 ## - PUBLICATION, DISTRIBUTION, ETC.
Place of publication, distribution, etc. NEWYORK
Name of publisher, distributor, etc. ADDISON WESLEY
Date of publication, distribution, etc. 1996
300 ## - PHYSICAL DESCRIPTION
Extent 844P
650 ## - SUBJECT ADDED ENTRY--TOPICAL TERM
Topical term or geographic name entry element ENGINEERING MATHEMATICS
9 (RLIN) 2310
942 ## - ADDED ENTRY ELEMENTS (KOHA)
Koha item type Book
Source of classification or shelving scheme
Holdings
Withdrawn status Lost status Source of classification or shelving scheme Damaged status Not for loan Permanent Location Current Location Shelving location Date acquired Full call number Barcode Date last seen Price effective from Koha item type Public note
          College of Electrical & Mechanical Engineering (CEME) College of Electrical & Mechanical Engineering (CEME) General Stacks 05/22/2017 510.2462 CRO'E CEME-31989 06/28/2021 06/28/2021 Book 3.6
© 2023 Central Library, National University of Sciences and Technology. All Rights Reserved.